000 00818nam a2200253Ia 4500
003 OSt
005 20220923220651.0
006 a|||||r|||| 00| 0
007 ta
008 220922b |||||||| |||| 00| 0 hin d
024 _a188,905
037 _cTextual
040 _aARTS
_cARTS
_bhin
041 _2hin
_ahin
082 _aO152,2N01x, M5
100 _aपंत, सुमित्रनंदन
245 0 _aपरी तथा अन्य नाट
246 _aParī tathā anya nāṭa
260 _aइलाहाबाद
_b अतुल प्रकाशन
_c1985
300 _a240 पृ.
_ccm.
650 _aहिन्दी साहित्य
_9156264
942 _hO152,2N01x, M5
_cTEXL
_2CC
999 _c341782
_d341782